Multimedia systems / (Record no. 112)
[ view plain ]
| 000 -LEADER | |
|---|---|
| fixed length control field | 00666nam a22002052 4500 |
| 001 - CONTROL NUMBER | |
| control field | 0000000250 |
| 005 - DATE AND TIME OF LATEST TRANSACTION | |
| control field | 20151021151042.0 |
| 008 - FIXED-LENGTH DATA ELEMENTS--GENERAL INFORMATION | |
| fixed length control field | 070117s xx 000 0 eng d |
| 020 ## - INTERNATIONAL STANDARD BOOK NUMBER | |
| International Standard Book Number | 0201532581 : |
| Terms of availability | KES 5,250 |
| 040 ## - CATALOGING SOURCE | |
| Original cataloging agency | KABU |
| Transcribing agency | KABU |
| 245 10 - TITLE STATEMENT | |
| Title | Multimedia systems / |
| Statement of responsibility, etc. | John F. Koegel Buford, contributing editor. |
| 260 ## - PUBLICATION, DISTRIBUTION, ETC. (IMPRINT) | |
| Place of publication, distribution, etc. | Reading : |
| Name of publisher, distributor, etc. | Addison-Wesley, |
| Date of publication, distribution, etc. | 1994. |
| 300 ## - PHYSICAL DESCRIPTION | |
| Extent | xi, 450 p. |
| 650 #0 - SUBJECT ADDED ENTRY--TOPICAL TERM | |
| Topical term or geographic name as entry element | Multimedia systems. |
| -- | 0000148337 |
| 700 1# - ADDED ENTRY--PERSONAL NAME | |
| Personal name | Koegel Buford, John F. |
| -- | 0000148338 |
| 908 ## - PUT COMMAND PARAMETER (RLIN) | |
| Put command parameter | 070117 |
| 950 ## - LOCAL HOLDINGS (RLIN) | |
| -- | 1 |
| Withdrawn status | Lost status | Source of classification or shelving scheme | Not for loan | Home library | Current library | Date acquired | Total Checkouts | Full call number | Barcode | Date last seen | Price effective from | Koha item type | Date last checked out |
|---|---|---|---|---|---|---|---|---|---|---|---|---|---|
| Library of Congress Classification | Kabarak, Nakuru City Campus | Kabarak, Nakuru City Campus | 21/10/2015 | QA76.575 .M85 c.1 | 005554 | 21/10/2015 | 21/10/2015 | General Collection | |||||
| Library of Congress Classification | Kabarak, Nakuru City Campus | Kabarak, Nakuru City Campus | 21/10/2015 | 1 | QA76.575 .M85 c.2 | 005738 | 24/01/2020 | 21/10/2015 | General Collection | 23/01/2020 |